| 000 | 01254cam a22003134a 4500 | ||
|---|---|---|---|
| 999 |
_c329976 _d329976 |
||
| 001 | 11973196 | ||
| 003 | NUST | ||
| 005 | 20180117090026.0 | ||
| 008 | 000412s2000 nyu b 000 0 eng | ||
| 010 | _a 00038405 | ||
| 020 | _a0060196998 (alk. paper) | ||
| 040 |
_aDLC _cDLC _dDLC |
||
| 042 | _apcc | ||
| 050 | 0 | 0 |
_aHM1126 _b.E93 2000 |
| 082 | 0 | 0 |
_a303.6/9 _221 |
| 100 | 1 |
_aEvans, Sybil, _d1934- _91883 |
|
| 245 | 1 | 0 |
_aHot buttons : _bhow to resolve conflict and cool everyone down / _cSybil Evans and Sherry Suib Cohen. |
| 250 | _a1st ed. | ||
| 260 |
_aNew York : _bCliff Street Books, _cc2000. |
||
| 300 |
_axvi, 336 p. ; _c22 cm. |
||
| 504 | _aIncludes bibliographical references (p. 333-336). | ||
| 650 | 0 |
_aConflict management. _91884 |
|
| 650 | 0 |
_aInterpersonal conflict. _91885 |
|
| 700 | 1 |
_aCohen, Sherry Suib. _91886 |
|
| 906 |
_a7 _bcbc _corignew _d1 _eocip _f20 _gy-gencatlg |
||
| 942 |
_2ddc _cBK |
||